[Event "Madrid ch 2010-2011"]
[Site "Madrid ESP"]
[Date "2011.02.22"]
[Round "1.1"]
[White "De la Fuente Gonzalez, Francisco"]
[Black "Gallardo Garcia, Andres"]
[Result "0-1"]
[WhiteElo "2230"]
[BlackElo "2370"]
[PlyCount "66"]
[EventDate "2011.02.22"]
[EventType "tourn"]
[EventRounds "11"]
[EventCountry "ESP"]
[EventCategory "1"]
[Source "lmi"]
[SourceDate "2011.02.22"]

1. Nf3 d6 2. c4 f5 3. d4 Nf6 4. g3 g6 5. Bg2 Bg7 6. Nc3 O-O 7. O-O Qe8 8. e4
fxe4 9. Ng5 Nc6 10. Be3 e5 11. d5 Bg4 12. Qd2 Nd4 13. Bxd4 exd4 14. Qxd4 Bf5
15. Rae1 Ng4 16. Qd1 e3 17. fxe3 Bh6 18. Nce4 Qe7 19. h4 Rae8 20. Rf4 Ne5 21.
b3 Nf7 22. g4 Nxg5 23. hxg5 Bxe4 24. gxh6 Bxg2 25. Rxf8+ Qxf8 26. Kxg2 Qxh6 27.
Qd4 Qg5 28. Kf3 Qh4 29. Re2 Qh1+ 30. Kg3 Re4 31. Qd3 Qg1+ 32. Rg2 Rxe3+ 33. Kf4
g5+ 0-1

[Event "Madrid ch 2010-2011"]
[Site "Madrid ESP"]
[Date "2011.02.22"]
[Round "1.2"]
[White "Ramirez Garcia, Jorge Alberto"]
[Black "Elissalt Cardenas, Hector"]
[Result "0-1"]
[WhiteElo "2255"]
[BlackElo "2359"]
[PlyCount "58"]
[EventDate "2011.02.22"]
[EventType "tourn"]
[EventRounds "11"]
[EventCountry "ESP"]
[EventCategory "1"]
[Source "lmi"]
[SourceDate "2011.02.22"]

1. e4 d6 2. d4 Nf6 3. Nc3 Nbd7 4. g4 h6 5. Be3 e5 6. h3 Be7 7. Nge2 Nb6 8. Ng3
exd4 9. Qxd4 c5 10. Qd2 d5 11. exd5 Nfxd5 12. O-O-O Be6 13. Nf5 O-O 14. Qe1 Bf6
15. Nxd5 Nxd5 16. Bxc5 Re8 17. Nd6 Bg5+ 18. Kb1 Bxg4 19. Nxe8 Bxd1 20. Bg2
Bxc2+ 21. Kxc2 Nf4 22. Qc3 Qxe8 23. Bxb7 Rb8 24. Bf3 Bf6 25. Qc4 Rxb2+ 26. Kc1
Qc8 27. Rd1 Qf5 28. Rd8+ Bxd8 29. Kxb2 Nd3+ 0-1

[Event "Madrid ch 2010-2011"]
[Site "Madrid ESP"]
[Date "2011.02.22"]
[Round "1.3"]
[White "Alcazar Jimenez, Jesus Alberto"]
[Black "Garcia Salamero, Gabriel"]
[Result "1/2-1/2"]
[WhiteElo "2302"]
[BlackElo "2177"]
[PlyCount "78"]
[EventDate "2011.02.22"]
[EventType "tourn"]
[EventRounds "11"]
[EventCountry "ESP"]
[EventCategory "1"]
[Source "lmi"]
[SourceDate "2011.02.22"]

1. d4 d5 2. Nf3 Nf6 3. c4 e6 4. Nc3 Be7 5. Qd3 b6 6. Ne5 Bb7 7. Qg3 g6 8. cxd5
exd5 9. Bh6 Nbd7 10. e3 a6 11. Be2 Bf8 12. Bf4 Bd6 13. h4 Qe7 14. Rc1 Rc8 15.
h5 Rg8 16. hxg6 hxg6 17. Qg5 Nf8 18. Ng4 Nxg4 19. Qxg4 Ne6 20. Be5 Bxe5 21.
dxe5 b5 22. Bf3 Rd8 23. Ne2 c5 24. Nf4 Ng5 25. e6 fxe6 26. Rh6 c4 27. Rxg6 Rxg6
28. Nxg6 Qf6 29. Qh5 Nxf3+ 30. gxf3 Kd7 31. Ne5+ Kc8 32. f4 Qe7 33. a3 b4 34.
Qg4 bxa3 35. bxa3 Kb8 36. Rb1 Ka8 37. Rb6 Rd6 38. Qg8+ Ka7 39. Rb4 Rb6 1/2-1/2

[Event "Madrid ch 2010-2011"]
[Site "Madrid ESP"]
[Date "2011.02.22"]
[Round "1.4"]
[White "Suarez Uriel, Adrian"]
[Black "Perez Gonzalez, Jose Manuel"]
[Result "0-1"]
[WhiteElo "2193"]
[BlackElo "2279"]
[PlyCount "92"]
[EventDate "2011.02.22"]
[EventType "tourn"]
[EventRounds "11"]
[EventCountry "ESP"]
[EventCategory "1"]
[Source "lmi"]
[SourceDate "2011.02.22"]

1. e4 c5 2. Nf3 d6 3. d4 cxd4 4. Nxd4 Nf6 5. Nc3 a6 6. h3 e5 7. Nde2 Be6 8. g4
d5 9. exd5 Nxd5 10. Bg2 Bb4 11. O-O Bxc3 12. Nxc3 Nxc3 13. bxc3 Nc6 14. Ba3
Qxd1 15. Rfxd1 Rd8 16. Bd6 f6 17. Rab1 Bc8 18. Rb6 h5 19. Be4 Rh6 20. gxh5 f5
21. Bxc6+ bxc6 22. Rxc6 f4 23. Rd3 Bf5 24. Rd5 Re6 25. Rxa6 Be4 26. Rd2 Bf3 27.
c4 Bxh5 28. c5 Bf3 29. Ra3 Bc6 30. c4 g5 31. Ra6 Rc8 32. Ra3 Kf7 33. Ra7+ Kg6
34. Rc7 Rxc7 35. Bxc7 Kf5 36. Bd8 g4 37. hxg4+ Kxg4 38. Rd6 Kf5 39. Kf1 e4 40.
Ke2 f3+ 41. Ke3 Rg6 42. Bb6 Re6 43. Rxc6 Rxc6 44. a4 Rh6 45. a5 Rh1 46. c6 Rd1
0-1

[Event "Madrid ch 2010-2011"]
[Site "Madrid ESP"]
[Date "2011.02.22"]
[Round "1.5"]
[White "Spitzer Isbert, Ramon"]
[Black "Ramos Aldoradin, John Paul"]
[Result "0-1"]
[WhiteElo "2082"]
[BlackElo "2125"]
[PlyCount "164"]
[EventDate "2011.02.22"]
[EventType "tourn"]
[EventRounds "11"]
[EventCountry "ESP"]
[EventCategory "1"]
[Source "lmi"]
[SourceDate "2011.02.22"]

1. Nf3 e6 2. c3 Nf6 3. d3 d5 4. Bg5 Be7 5. Nbd2 h6 6. Bh4 c5 7. e4 g5 8. Bg3
Nc6 9. Be2 Qb6 10. Qc2 Nh5 11. O-O-O Bd7 12. Kb1 Nxg3 13. hxg3 O-O-O 14. Rh5
Bf6 15. Ka1 Kb8 16. Nh2 Bg7 17. Ng4 f5 18. exf5 exf5 19. Ne3 Be8 20. Rhh1 Bg6
21. Bf3 d4 22. Nec4 Qa6 23. Bxc6 Qxc6 24. cxd4 Rxd4 25. Nf3 Rd5 26. Rhe1 Qc7
27. Ne3 Rdd8 28. Qb3 Rhe8 29. Rc1 Rd6 30. d4 Bf7 31. Nc4 Rxe1 32. Rxe1 Rd8 33.
Qb5 Bxc4 34. Qxc4 cxd4 35. Qd3 f4 36. gxf4 Qxf4 37. g3 Qf7 38. g4 a6 39. a3 Rf8
40. Nxd4 Qxf2 41. Rd1 Bxd4 42. Qxd4 Qxd4 43. Rxd4 Rf4 44. Rd8+ Kc7 45. Rh8 Rxg4
46. Rxh6 a5 47. Kb1 Rc4 48. b3 Rc5 49. Kb2 Kd7 50. b4 axb4 51. axb4 Rd5 52. Kc3
b5 53. Kc2 Ke7 54. Kc3 Kf7 55. Rc6 g4 56. Rc7+ Kg6 57. Rc8 Rg5 58. Kd3 g3 59.
Rg8+ Kh5 60. Rh8+ Kg4 61. Ke3 g2 62. Kf2 Kf4 63. Kg1 Ke4 64. Rd8 Rd5 65. Rg8
Kd4 66. Rc8 Kd3 67. Kxg2 Rd4 68. Kf2 Rxb4 69. Rd8+ Rd4 70. Rc8 b4 71. Ke1 Rc4
72. Rd8+ Kc2 73. Rd2+ Kc1 74. Rd1+ Kb2 75. Rd8 b3 76. Kd2 Kb1 77. Rb8 b2 78.
Rb7 Rc2+ 79. Kd1 Rc5 80. Kd2 Rc6 81. Rb8 Rd6+ 82. Kc3 Kc1 0-1

[Event "Madrid ch 2010-2011"]
[Site "Madrid ESP"]
[Date "2011.02.22"]
[Round "1.6"]
[White "Gemy, Jose Daniel"]
[Black "Candela Perez, Jose"]
[Result "0-1"]
[WhiteElo "2301"]
[BlackElo "2399"]
[PlyCount "68"]
[EventDate "2011.02.22"]
[EventType "tourn"]
[EventRounds "11"]
[EventCountry "ESP"]
[EventCategory "1"]
[Source "lmi"]
[SourceDate "2011.02.22"]

1. d4 d5 2. c4 c6 3. Nf3 Nf6 4. e3 a6 5. Bd3 Bg4 6. Nbd2 e6 7. O-O Nbd7 8. Qc2
Bd6 9. b3 O-O 10. Bb2 Qb8 11. h3 Bh5 12. Ng5 Bg6 13. Bxg6 hxg6 14. f4 c5 15.
Ndf3 cxd4 16. Bxd4 Rc8 17. Nxf7 Kxf7 18. Ng5+ Kg8 19. Qxg6 Re8 20. Nh7 Be7 21.
cxd5 exd5 22. g4 Nf8 23. Nxf8 Rxf8 24. g5 Qe8 25. Qf5 Qd7 26. Qg6 Ne8 27. Rad1
Qf5 28. Qb6 Nd6 29. Be5 Rad8 30. Rxd5 Nf7 31. Qxb7 Qe4 32. Rd7 Qxe3+ 33. Kg2
Nxe5 34. Qd5+ Kh8 0-1

[Event "Madrid ch 2010-2011"]
[Site "Madrid ESP"]
[Date "2011.02.23"]
[Round "2.1"]
[White "Gallardo Garcia, Andres"]
[Black "Candela Perez, Jose"]
[Result "1/2-1/2"]
[WhiteElo "2370"]
[BlackElo "2399"]
[PlyCount "80"]
[EventDate "2011.02.22"]
[EventType "tourn"]
[EventRounds "11"]
[EventCountry "ESP"]
[EventCategory "1"]
[Source "lmi"]
[SourceDate "2011.02.22"]

1. c4 c6 2. e4 d5 3. exd5 cxd5 4. cxd5 Nf6 5. Nc3 Nxd5 6. Nf3 e6 7. d4 Be7 8.
Bd3 Nc6 9. O-O O-O 10. Re1 Bf6 11. Be4 Nce7 12. Ne5 b6 13. Ng4 Bh4 14. Ne5 Ng6
15. g3 Bf6 16. Nxd5 exd5 17. Nxg6 hxg6 18. Bg2 Be6 19. Bf4 Rc8 20. Be5 Be7 21.
Qa4 a5 22. Rac1 Bb4 23. Red1 Bg4 24. f3 Bd7 25. Rxc8 Qxc8 26. Qb3 Bf5 27. Ra1
Qc6 28. Bf4 Bc2 29. Rc1 Bxb3 30. Rxc6 Bxa2 31. Rxb6 Re8 32. Rb8 Rxb8 33. Bxb8
Bd2 34. Bf4 Bxf4 35. gxf4 Bc4 36. Kf2 Kf8 37. Ke3 Ke7 38. Kd2 Kd6 39. Kc3 Kc6
40. b3 Be2 1/2-1/2

[Event "Madrid ch 2010-2011"]
[Site "Madrid ESP"]
[Date "2011.02.23"]
[Round "2.2"]
[White "Ramos Aldoradin, John Paul"]
[Black "Gemy, Jose Daniel"]
[Result "1/2-1/2"]
[WhiteElo "2125"]
[BlackElo "2301"]
[PlyCount "129"]
[EventDate "2011.02.22"]
[EventType "tourn"]
[EventRounds "11"]
[EventCountry "ESP"]
[EventCategory "1"]
[Source "lmi"]
[SourceDate "2011.02.22"]

1. e4 c5 2. Nf3 Nf6 3. e5 Nd5 4. Nc3 Nxc3 5. dxc3 Nc6 6. Bc4 e6 7. Qe2 Qc7 8.
O-O b6 9. Bg5 Bb7 10. Bh4 h6 11. Rad1 g5 12. Bg3 Bg7 13. Rfe1 O-O-O 14. Ba6 Ne7
15. a4 Bxa6 16. Qxa6+ Qb7 17. Qc4 Kb8 18. a5 Nd5 19. axb6 axb6 20. Qe4 Qc6 21.
Nd2 h5 22. f3 Bf8 23. Ra1 Be7 24. Qc4 Nc7 25. Ne4 h4 26. Bf2 Kb7 27. Red1 Qb5
28. Qxb5 Nxb5 29. c4 Na7 30. Be3 Rhg8 31. Bd2 Nc6 32. Bc3 g4 33. f4 g3 34. hxg3
hxg3 35. Rd3 Rg4 36. Rf1 Kc7 37. Rxg3 Rh4 38. Rg7 Rf8 39. Be1 Rh6 40. c3 Na5
41. Nd2 Nc6 42. Bg3 Rg6 43. Rxg6 fxg6 44. Re1 g5 45. fxg5 Bxg5 46. Nf3 Bh6 47.
Kf2 Na5 48. Re4 Nb3 49. Bh4 Bc1 50. Re2 Nd2 51. Bf6 Nxc4 52. b3 Na5 53. b4 Nc4
54. bxc5 bxc5 55. Be7 Rf7 56. Bxc5 Kc6 57. Bd4 Kd5 58. Kg3 Rg7+ 59. Kh4 Bf4 60.
Kh5 Rg3 61. Bg1 Rg8 62. Bd4 Rg3 63. Bg1 Rg8 64. Bd4 Rg3 65. Bg1 1/2-1/2

[Event "Madrid ch 2010-2011"]
[Site "Madrid ESP"]
[Date "2011.02.23"]
[Round "2.3"]
[White "Perez Gonzalez, Jose Manuel"]
[Black "Spitzer Isbert, Ramon"]
[Result "1-0"]
[WhiteElo "2279"]
[BlackElo "2082"]
[PlyCount "107"]
[EventDate "2011.02.22"]
[EventType "tourn"]
[EventRounds "11"]
[EventCountry "ESP"]
[EventCategory "1"]
[Source "lmi"]
[SourceDate "2011.02.22"]

1. e4 c5 2. Nf3 Nc6 3. d4 cxd4 4. Nxd4 Nf6 5. Nc3 e5 6. Ndb5 d6 7. Bg5 a6 8.
Na3 b5 9. Bxf6 gxf6 10. Nd5 f5 11. Bd3 Be6 12. O-O f4 13. c4 Rg8 14. f3 Nd4 15.
Nc2 Bh3 16. Ne1 Be7 17. Kh1 Be6 18. Nxe7 Qxe7 19. Nc2 Nxc2 20. Qxc2 Rc8 21. b3
Rg6 22. Rac1 Rh6 23. Qf2 b4 24. c5 Rxc5 25. Rxc5 dxc5 26. Bxa6 Kf8 27. Bd3 Bd7
28. Rc1 Rd6 29. Bf1 Rd4 30. Qc2 f6 31. Kg1 Kg7 32. Qxc5 Qe8 33. Bc4 f5 34. exf5
Bxf5 35. Re1 Qd7 36. Qxe5+ Kg6 37. Qe8+ Qxe8 38. Rxe8 Rd1+ 39. Kf2 Rd2+ 40. Re2
Rd1 41. Rb2 Kf6 42. Be2 Rd8 43. Ke1 Ke5 44. Bd1 Rc8 45. Rd2 Rc1 46. Kf2 Ra1 47.
Be2 h6 48. g3 fxg3+ 49. hxg3 Be6 50. Ke3 Bf7 51. g4 Be6 52. Rc2 Bd5 53. Bc4 Bb7
54. Rh2 1-0

[Event "Madrid ch 2010-2011"]
[Site "Madrid ESP"]
[Date "2011.02.23"]
[Round "2.4"]
[White "Garcia Salamero, Gabriel"]
[Black "Suarez Uriel, Adrian"]
[Result "0-1"]
[WhiteElo "2177"]
[BlackElo "2193"]
[PlyCount "88"]
[EventDate "2011.02.22"]
[EventType "tourn"]
[EventRounds "11"]
[EventCountry "ESP"]
[EventCategory "1"]
[Source "lmi"]
[SourceDate "2011.02.22"]

1. e4 c5 2. Nf3 Nc6 3. d4 cxd4 4. Nxd4 g6 5. Nc3 Bg7 6. Nde2 Nf6 7. g3 b5 8.
Bg2 Rb8 9. O-O O-O 10. Nd5 Nxd5 11. exd5 Ne5 12. Bf4 d6 13. Nd4 Bd7 14. c3 b4
15. Re1 bxc3 16. bxc3 Re8 17. Rb1 Qc7 18. Bxe5 Bxe5 19. Qd2 Qc5 20. Rec1 Rec8
21. Rxb8 Rxb8 22. Nc6 Bxc6 23. dxc6 e6 24. Qe2 Bf6 25. Qe4 Rb2 26. Qe3 Qa5 27.
h4 Bd8 28. Qd3 Bc7 29. Rc2 Rxa2 30. c4 Rxc2 31. Qxc2 Qb4 32. h5 a5 33. hxg6
hxg6 34. Be4 Kg7 35. Kf1 a4 36. Ke2 a3 37. Kd3 Ba5 38. Bf3 Kf8 39. Bd1 Ke7 40.
f4 a2 41. Qxa2 Qc3+ 42. Ke2 Qe1+ 43. Kf3 Qxd1+ 44. Kg2 Qd2+ 0-1

[Event "Madrid ch 2010-2011"]
[Site "Madrid ESP"]
[Date "2011.02.23"]
[Round "2.5"]
[White "Elissalt Cardenas, Hector"]
[Black "Alcazar Jimenez, Jesus Alberto"]
[Result "0-1"]
[WhiteElo "2359"]
[BlackElo "2302"]
[PlyCount "96"]
[EventDate "2011.02.22"]
[EventType "tourn"]
[EventRounds "11"]
[EventCountry "ESP"]
[EventCategory "1"]
[Source "lmi"]
[SourceDate "2011.02.22"]

1. d4 d6 2. Nf3 Nf6 3. g3 g6 4. Bg2 Bg7 5. O-O O-O 6. Re1 Nbd7 7. e4 e5 8. Nc3
c6 9. a4 a5 10. b3 Re8 11. Ba3 Qc7 12. dxe5 dxe5 13. Bd6 Qb6 14. Nd2 Qd4 15.
Nf3 Qb6 16. Qd2 Bf8 17. Rad1 Bxd6 18. Qxd6 Qb4 19. Qxb4 axb4 20. Na2 c5 21. Bf1
Nf8 22. Rd6 Kg7 23. Kg2 Bd7 24. Nc1 Bc6 25. Nd3 N6d7 26. Nd2 Ne6 27. Nb2 Nd4
28. Bd3 Nb6 29. Bb5 Nxb5 30. axb5 Nc8 31. Rd3 Bxb5 32. Ndc4 Ra2 33. Rd2 Re6 34.
Rb1 Bxc4 35. Nxc4 b5 36. Ne3 Rd6 37. Rbd1 Rd4 38. f4 c4 39. Rf2 Nd6 40. Kf3
cxb3 41. cxb3 Rxf2+ 42. Kxf2 Rxd1 43. Nxd1 exf4 44. gxf4 Nxe4+ 45. Ke3 Nc5 46.
Nb2 Kf6 47. h3 Kf5 48. Kf3 Nxb3 0-1

[Event "Madrid ch 2010-2011"]
[Site "Madrid ESP"]
[Date "2011.02.23"]
[Round "2.6"]
[White "De la Fuente Gonzalez, Francisco"]
[Black "Ramirez Garcia, Jorge Alberto"]
[Result "1/2-1/2"]
[WhiteElo "2230"]
[BlackElo "2255"]
[PlyCount "102"]
[EventDate "2011.02.22"]
[EventType "tourn"]
[EventRounds "11"]
[EventCountry "ESP"]
[EventCategory "1"]
[Source "lmi"]
[SourceDate "2011.02.22"]

1. c4 e6 2. Nf3 d5 3. b3 d4 4. Bb2 c5 5. b4 b6 6. e3 Be7 7. exd4 Bf6 8. Bd3 Bb7
9. bxc5 bxc5 10. Nc3 cxd4 11. Ne4 Nc6 12. Ba3 Be7 13. Qa4 f5 14. Nc5 Qa5 15.
Qxa5 Nxa5 16. Nxb7 Nxb7 17. Rb1 O-O-O 18. c5 Kc7 19. Ne5 Rf8 20. O-O Nd8 21.
Rfc1 Nf6 22. Rc4 Nc6 23. Nxc6 Kxc6 24. Rxd4 Rb8 25. Re1 Rhe8 26. Rxe6+ Kc7 27.
Bxf5 Bxc5 28. Rc4 Rxe6 29. Bxe6 Rb1+ 30. Rc1 Rxc1+ 31. Bxc1 Ne4 32. Bb2 Bxf2+
33. Kf1 Bc5 34. Ke2 Nf6 35. Bf5 Bd6 36. h3 h6 37. Kf3 Kc6 38. Be4+ Kb5 39. Bc2
Bb4 40. Bxf6 gxf6 41. d4 Kc6 42. Ke4 Kd6 43. Kf5 Bc3 44. Kg6 Bxd4 45. Kxh6 Bf2
46. Kh5 Ke7 47. Bb3 Bg3 48. Kg4 Be1 49. h4 Kf8 50. h5 Kg7 51. Kf5 Bh4 1/2-1/2

[Event "Madrid ch 2010-2011"]
[Site "Madrid ESP"]
[Date "2011.02.24"]
[Round "3.1"]
[White "Ramirez Garcia, Jorge Alberto"]
[Black "Gallardo Garcia, Andres"]
[Result "0-1"]
[WhiteElo "2255"]
[BlackElo "2370"]
[PlyCount "86"]
[EventDate "2011.02.22"]
[EventType "tourn"]
[EventRounds "11"]
[EventCountry "ESP"]
[EventCategory "1"]
[Source "lmi"]
[SourceDate "2011.02.22"]

1. e4 c5 2. c3 g6 3. d4 cxd4 4. cxd4 d5 5. exd5 Nf6 6. Nc3 Nxd5 7. Qb3 Nxc3 8.
Bc4 e6 9. bxc3 Nc6 10. Nf3 Bg7 11. Ba3 Bf8 12. d5 Bxa3 13. dxc6 Qe7 14. Nd4 O-O
15. Rb1 b6 16. O-O Bc5 17. Rfe1 Qf6 18. Re4 e5 19. Nf3 Bf5 20. Rxe5 Bxb1 21.
Qxb1 Rae8 22. Rxe8 Rxe8 23. Qb2 Qxc6 24. Bb5 Qd6 25. g3 Re7 26. Qb3 Rc7 27. Kg2
Kg7 28. a4 Qf6 29. h4 h6 30. Bd3 Bd6 31. c4 Re7 32. Qc2 Bb4 33. Qb1 Qc3 34. Bf1
Bc5 35. Bd3 Re6 36. Bf1 Ba3 37. Qd1 Rd6 38. Qe2 Qb2 39. Qe1 Re6 40. Qd1 Bc5 41.
Qd2 Qxd2 42. Nxd2 Re1 43. Nb3 Rb1 0-1

[Event "Madrid ch 2010-2011"]
[Site "Madrid ESP"]
[Date "2011.02.24"]
[Round "3.2"]
[White "Alcazar Jimenez, Jesus Alberto"]
[Black "De la Fuente Gonzalez, Francisco"]
[Result "0-1"]
[WhiteElo "2302"]
[BlackElo "2230"]
[PlyCount "102"]
[EventDate "2011.02.22"]
[EventType "tourn"]
[EventRounds "11"]
[EventCountry "ESP"]
[EventCategory "1"]
[Source "lmi"]
[SourceDate "2011.02.22"]

1. e4 e5 2. Nf3 Nf6 3. Nxe5 d6 4. Nf3 Nxe4 5. Nc3 Nxc3 6. dxc3 Be7 7. Be3 Nc6
8. Qd2 Ne5 9. h3 Nxf3+ 10. gxf3 Bf5 11. O-O-O O-O 12. h4 c6 13. h5 Qa5 14. Kb1
Bf6 15. Bd3 Be6 16. a3 Qd5 17. c4 Qe5 18. c3 Qa5 19. Qc2 h6 20. Rdg1 Kh8 21.
Qd2 Bf5 22. c5 Bxd3+ 23. Qxd3 dxc5 24. Qf5 Qc7 25. Bxh6 Qe5 26. Qxe5 Bxe5 27.
Be3 b6 28. f4 Bf6 29. f5 Rg8 30. Bg5 Bxg5 31. Rxg5 Rae8 32. Rg6 Re5 33. Rxc6
Rxf5 34. h6 g6 35. Rh2 Kh7 36. Rc7 Re8 37. Rxa7 Re2 38. Rb7 Rexf2 39. Rxf2 Rxf2
40. Rxb6 g5 41. Rb5 g4 42. Rxc5 f5 43. Rc7+ Kxh6 44. Rc6+ Kh5 45. Rc8 g3 46.
Rg8 g2 47. Ka2 f4 48. a4 f3 49. a5 Rf1 50. a6 g1=Q 51. Rh8+ Kg6 0-1

[Event "Madrid ch 2010-2011"]
[Site "Madrid ESP"]
[Date "2011.02.24"]
[Round "3.3"]
[White "Suarez Uriel, Adrian"]
[Black "Elissalt Cardenas, Hector"]
[Result "1-0"]
[WhiteElo "2193"]
[BlackElo "2359"]
[PlyCount "91"]
[EventDate "2011.02.22"]
[EventType "tourn"]
[EventRounds "11"]
[EventCountry "ESP"]
[EventCategory "1"]
[Source "lmi"]
[SourceDate "2011.02.22"]

1. e4 g6 2. d4 Nf6 3. Nc3 d6 4. f4 Bg7 5. a3 c6 6. Nf3 O-O 7. Be2 Nbd7 8. e5
dxe5 9. fxe5 Nd5 10. Ne4 f6 11. exf6 exf6 12. O-O Qc7 13. Bd3 b5 14. Qe1 Bb7
15. Qh4 Rae8 16. Bd2 a6 17. b4 Bc8 18. Rae1 N7b6 19. Bc1 Nc4 20. Bxc4 bxc4 21.
Nfd2 f5 22. Ng5 h6 23. Ngf3 g5 24. Qf2 c3 25. Nc4 f4 26. Nfe5 Bf5 27. Re2 Re6
28. Rfe1 Bf6 29. Kh1 Bg7 30. h3 h5 31. Nf3 Rxe2 32. Qxe2 g4 33. Nh4 f3 34. gxf3
gxf3 35. Nxf3 Bxh3 36. Nce5 Bf5 37. Rg1 Kh8 38. Nh4 Bxe5 39. dxe5 Qh7 40. Bg5
Bg4 41. Qg2 Qg7 42. Bc1 Ne7 43. Qe4 Qh7 44. Qd4 Nf5 45. Qf2 Nxh4 46. Qxf8+ 1-0

[Event "Madrid ch 2010-2011"]
[Site "Madrid ESP"]
[Date "2011.02.24"]
[Round "3.4"]
[White "Spitzer Isbert, Ramon"]
[Black "Garcia Salamero, Gabriel"]
[Result "0-1"]
[WhiteElo "2082"]
[BlackElo "2177"]
[PlyCount "102"]
[EventDate "2011.02.22"]
[EventType "tourn"]
[EventRounds "11"]
[EventCountry "ESP"]
[EventCategory "1"]
[Source "lmi"]
[SourceDate "2011.02.22"]

1. e4 c5 2. Nf3 e6 3. d4 cxd4 4. Nxd4 a6 5. Be2 Qc7 6. O-O Nc6 7. Nc3 Nf6 8.
Be3 b5 9. Nxc6 dxc6 10. Bf3 Bb7 11. Qe2 Nd7 12. Rad1 Ne5 13. Bg4 h5 14. Bh3 Be7
15. f4 Nc4 16. Bc1 Rd8 17. Rxd8+ Qxd8 18. Rd1 Qc7 19. Kh1 Nb6 20. e5 c5 21. Ne4
Bd5 22. Ng5 Nd7 23. Rxd5 exd5 24. e6 fxe6 25. Nxe6 Qd6 26. Nxg7+ Kf7 27. Nf5
Qf6 28. Ng3 h4 29. Nh5 Qd6 30. Qg4 Bf6 31. Qxd7+ Qxd7 32. Bxd7 Rxh5 33. f5 Ke7
34. Be6 Kd6 35. Kg1 Ke5 36. Kf2 Ke4 37. Ke2 Be5 38. Bf7 Rh8 39. Bg6 Bf6 40. Bd2
d4 41. Ba5 c4 42. Be1 d3+ 43. cxd3+ cxd3+ 44. Kd1 Rc8 45. Bb4 Ke3 46. Bd2+ Kf2
47. g4 hxg3 48. Be1+ Kf1 49. hxg3 Rc2 50. Bd2 Rxb2 51. Bf7 Rb1+ 0-1

[Event "Madrid ch 2010-2011"]
[Site "Madrid ESP"]
[Date "2011.02.24"]
[Round "3.5"]
[White "Gemy, Jose Daniel"]
[Black "Perez Gonzalez, Jose Manuel"]
[Result "0-1"]
[WhiteElo "2301"]
[BlackElo "2279"]
[PlyCount "62"]
[EventDate "2011.02.22"]
[EventType "tourn"]
[EventRounds "11"]
[EventCountry "ESP"]
[EventCategory "1"]
[Source "lmi"]
[SourceDate "2011.02.22"]

1. d4 Nf6 2. c4 c5 3. d5 b5 4. f3 bxc4 5. e4 d6 6. Nc3 g6 7. Bg5 Bg7 8. Qd2
Nbd7 9. Nh3 Rb8 10. Nf2 Qa5 11. Rb1 h6 12. Be3 Ng4 13. Nfd1 Nxe3 14. Qxe3 Ba6
15. f4 O-O 16. Be2 Nb6 17. Qd2 Rb7 18. O-O Na4 19. Qc2 Nxc3 20. Nxc3 Rfb8 21.
e5 dxe5 22. f5 g5 23. f6 exf6 24. Bf3 e4 25. Nxe4 c3 26. bxc3 Bxf1 27. Rxf1 Rb2
28. Qd3 f5 29. Nd6 Qxc3 30. Qxf5 Qf6 31. Qd7 Rd8 0-1

[Event "Madrid ch 2010-2011"]
[Site "Madrid ESP"]
[Date "2011.02.24"]
[Round "3.6"]
[White "Candela Perez, Jose"]
[Black "Ramos Aldoradin, John Paul"]
[Result "1-0"]
[WhiteElo "2399"]
[BlackElo "2125"]
[PlyCount "45"]
[EventDate "2011.02.22"]
[EventType "tourn"]
[EventRounds "11"]
[EventCountry "ESP"]
[EventCategory "1"]
[Source "lmi"]
[SourceDate "2011.02.22"]

1. d4 Nf6 2. Nf3 g6 3. g3 Bg7 4. Bg2 O-O 5. O-O d5 6. c4 e6 7. Qc2 Nbd7 8. Bf4
c6 9. Nbd2 Nh5 10. Bd6 Re8 11. e4 dxe4 12. Nxe4 Nhf6 13. Ned2 Bf8 14. Bxf8 Kxf8
15. c5 e5 16. Nc4 exd4 17. Nd6 Re7 18. Rfe1 Nd5 19. Rxe7 Nxe7 20. Qc4 Nd5 21.
Re1 N7f6 22. Qxd4 h6 23. Ne5 1-0

[Event "Madrid ch 2010-2011"]
[Site "Madrid ESP"]
[Date "2011.02.25"]
[Round "4.1"]
[White "Gallardo Garcia, Andres"]
[Black "Ramos Aldoradin, John Paul"]
[Result "1-0"]
[WhiteElo "2370"]
[BlackElo "2125"]
[PlyCount "119"]
[EventDate "2011.02.22"]
[EventType "tourn"]
[EventRounds "11"]
[EventCountry "ESP"]
[EventCategory "1"]
[Source "lmi"]
[SourceDate "2011.02.22"]

1. c4 Nf6 2. Nf3 b6 3. g3 c5 4. Bg2 Bb7 5. O-O e6 6. Nc3 Be7 7. b3 d5 8. e3 O-O
9. Bb2 Nbd7 10. d3 Qc8 11. Qe2 Bc6 12. cxd5 Nxd5 13. Nxd5 Bxd5 14. e4 Bc6 15.
d4 Re8 16. dxc5 Bxc5 17. b4 Bxb4 18. Bxg7 Kxg7 19. Qb2+ Kg8 20. Qxb4 Qb7 21.
Rfe1 Nc5 22. Ne5 Rac8 23. Qd2 f6 24. Nxc6 Qxc6 25. e5 Qd7 26. Qf4 Nd3 27. Rad1
Nxf4 28. Rxd7 Nxg2 29. Kxg2 Rf8 30. Rxa7 Rc2 31. exf6 Rxf6 32. Rf1 h5 33. a4
Ra2 34. Kg1 b5 35. Ra5 bxa4 36. Rxh5 Rf5 37. Rxf5 exf5 38. Rb1 Kf7 39. Rb6 Rc2
40. Kg2 a3 41. Ra6 a2 42. h4 Kg7 43. Kf3 Rb2 44. Ke3 Rc2 45. f3 Rg2 46. Kf4 Kh7
47. Ra7+ Kg6 48. Ra5 Kg7 49. Ra7+ Kg6 50. Ra6+ Kg7 51. h5 Rh2 52. Kxf5 Rxh5+
53. Kf4 Rh2 54. g4 Rb2 55. Kg5 Rb5+ 56. Kh4 Rb2 57. f4 Rf2 58. Kg5 Rb2 59. Ra7+
Kf8 60. f5 1-0

[Event "Madrid ch 2010-2011"]
[Site "Madrid ESP"]
[Date "2011.02.25"]
[Round "4.2"]
[White "Perez Gonzalez, Jose Manuel"]
[Black "Candela Perez, Jose"]
[Result "1-0"]
[WhiteElo "2279"]
[BlackElo "2399"]
[PlyCount "70"]
[EventDate "2011.02.22"]
[EventType "tourn"]
[EventRounds "11"]
[EventCountry "ESP"]
[EventCategory "1"]
[Source "lmi"]
[SourceDate "2011.02.22"]

1. e4 c5 2. Nf3 d6 3. d4 cxd4 4. Nxd4 Nf6 5. Nc3 a6 6. Bc4 b5 7. Bb3 e6 8. O-O
Be7 9. Qf3 Qc7 10. Qg3 O-O 11. Bh6 Ne8 12. Rad1 Bd7 13. f4 Nc6 14. Nxc6 Bxc6
15. f5 Kh8 16. Bg5 b4 17. Ne2 Bxg5 18. Qxg5 Nf6 19. fxe6 fxe6 20. Nf4 e5 21.
Ne6 Qa7+ 22. Kh1 Nxe4 23. Qg4 Nf2+ 24. Rxf2 Rxf2 25. Rg1 Qf7 26. Ng5 Qf8 27.
Qh5 Be4 28. Nxe4 Rf5 29. Ng5 h6 30. Nf7+ Rxf7 31. Qxf7 Qxf7 32. Bxf7 Rf8 33.
Bb3 g5 34. Rd1 Rf6 35. Kg1 Kg7 1-0

[Event "Madrid ch 2010-2011"]
[Site "Madrid ESP"]
[Date "2011.02.25"]
[Round "4.3"]
[White "Garcia Salamero, Gabriel"]
[Black "Gemy, Jose Daniel"]
[Result "0-1"]
[WhiteElo "2177"]
[BlackElo "2301"]
[PlyCount "88"]
[EventDate "2011.02.22"]
[EventType "tourn"]
[EventRounds "11"]
[EventCountry "ESP"]
[EventCategory "1"]
[Source "lmi"]
[SourceDate "2011.02.22"]

1. e4 d5 2. exd5 Qxd5 3. Nc3 Qd8 4. d4 Bf5 5. Nf3 c6 6. Bc4 e6 7. O-O Nd7 8.
Re1 Nb6 9. Bb3 Nf6 10. Ne5 Be7 11. Ne2 h6 12. Ng3 Bh7 13. Nh5 O-O 14. Re3 Nxh5
15. Qxh5 Qxd4 16. Nxf7 Rxf7 17. Bxe6 Bg6 18. Qe2 Bf6 19. c3 Qc5 20. b4 Qb5 21.
c4 Qa4 22. Bb2 Bxb2 23. Qxb2 Rd8 24. Rae1 Rd1 25. f4 Kh7 26. Bxf7 Bxf7 27. Qe5
Qc2 28. Rxd1 Qxd1+ 29. Re1 Qd3 30. c5 Nd5 31. h3 Bg6 32. Rf1 Ne3 33. Re1 Nc2
34. Re2 Qd1+ 35. Kh2 Nd4 36. Rf2 Qd3 37. Qe1 Nc2 38. Qe5 Ne3 39. g4 Be4 40. f5
Qb1 41. Qb2 Qh1+ 42. Kg3 Qg1+ 43. Kf4 Nd1 44. Qc1 Nxf2 0-1